000 00236nam a2200097Ia 4500
001 650435
005 20250826154359.0
008 250824s9999 xx 000 0 und d
245 0 _aSerçe Kuş
_cCahit Zarifoğlu
260 _bBEYAN YAYINLARI
999 _c650435
_d650435